000 00982nac a22002897a 4500
001 BR8801973
003 BR-BrBNA
005 20240105120744.0
008 230509b bl.|||m| |||| 00| 0 por d
040 _aBR-BrBNA
_bpor
_cBiblioteca Nacional de Agricultura
072 _aE10; E50
090 _aE10 BR8801973
110 1 _aInstituto de Coordenacao Estadual de Planejamento Agricola, Vitoria, ES (Brasil)
_95993
245 1 _aMunicipio de Vitoria: situacao socio-economia [Espirito Santo]
260 3 _aVitoria, ES (Brasil):
_c1983.
300 _a24 p.
490 _aSerie Monografia dos Municipios - Instituto de Coordenacao Estadual de Planejamento Agricola (Brazil)
_vno. 101
_x
650 _aPLANEJAMENTO AGRICOLA
650 _aESTRUTURA AGRARIA
650 _aESTRUTURA SOCIAL
650 _aESTRUTURA DEMOGRAFICA
650 _aCLIMA
650 _aVITORIA
650 _aESPIRITO SANTO
909 _a202312
_bLúcia Elande
_c55
_dLúcia Elande
942 _2AGRIS
_n0
_cMS
999 _c281228
_d281228